000 03840nab a22007577 4500
003 AR-RoUNA
022 _a0327-9022
040 _aAR-RoUNA
_bspa
041 _aspa
044 _aag
245 _aSumma+ /
_bElocuencia Muraria
260 _aBuenos Aires (Argentina):
_cDonn SA,
_b1993.
300 _a136 p. :
_bil. byn.
_bplanos
_c34X25 cm.
505 0 _tINDICE
505 0 _aValeria Matayoshi, Magdalena Tagliabue y Martín Di Peco / Elocuencia Muraria. p. 1
505 0 _tCARTELERA
505 0 _aFernando Diez / La Materia del Espacio. p. 8
505 0 _tSENDERO VITAL
505 0 _aAires Mateus Arqs. / Hogar para personas mayores en Alcácer Do Sal, Alentejo, Portugal, 2010. p. 10
505 0 _tENSEÑANZA ELEMENTAL
505 0 _aAires Mateus Arqs. / Escuela en Villa Nova Da Barquinha, Villa Nova Da Barquinha, Santarém, Portugal, 2011. p. 18
505 0 _tENCIERRO EXTERIOR
505 0 _aAires Mateus Arqs. / Casa en Costa Alentejana, Portugal, 2015. p. 26
505 0 _tCONTENEDOR CONTENIDO
505 0 _aAires Mateus Arqs. / Centro Comunitario de Grándola, Portugal, 2016. p. 32
505 0 _aLouise Noelle / Los Muros de Ricardo Legorreta. p. 38
505 0 _tHORMIGÓN E HIDROPONÍA
505 0 _aCC Arqs. / Planta Hidropónica Next, León, Guanajuato, México, 2014. p. 44
505 0 _tMURALLAS Y JARDINES
505 0 _aTaller - Mauricio Rocha + Gabriela Carrillo / Juzgados Oral-Penal en Pátzcuaro Michoacán, México, 2015. p. 52
505 0 _tRUGOSIDAD Y SUPERFICIE, Magdalena Tagliabue. p. 60
505 0 _tEN DIÁLOGO CON EL ORNAMENTO
505 0 _aBarozzi Veiga / Museo de Bellas Artes, Bündner Kunstmuseum, Coira, Suiza, 2016. p. 62
505 0 _tFACHADA CERÁMICA
505 0 _aMachado Silvetti / Centro de Arte Asiático del Museo de Arte Ringling, Sarasota, Florida, Estados Unidos, 2016. p. 68
505 0 _tENTRE VEGETACIÓN, LADRILLOS Y FOTOGRAFÍA
505 0 _aArquitectos Associados / Galería Claudia Andujar, Brumadinho, Minas Gerais, Brasil, 2015. p.74
505 0 _tLA PROCESIÓN VA POR DENTRO, Martín Di Peco. p. 80
505 0 _tESTAR MÁS ALLÁ
505 0 _aValerio Olgiati / Villa Além, Alentejo, Portugal, 2014. p. 82
505 0 _tSILENCIO AL TACO
505 0 _aTaco, Taller de arquitectura contextual / Casa Gabriela, Mérida, México, 2015. p. 88
505 0 _tMÁS QUE ÑA SUMA DE LAS PARTES
505 0 _aAlberto Campo Baeza / Casa Cala, Madrid Arvaca, España, 2015. p. 94
505 0 _tPRETEXTOS PARA EL SILENCIO, Fabián Gabriel Pérez. p. 104
505 0 _t(EN)CALLADA EN EL BOSQUE
505 0 _aAntonio Carrasco / Casa MC - 603, Costa Esmeralda, Buenos Aires, Argentina, 2016. p. 108
505 0 _tDOS PRISMAS EN EL HORIZONTE
505 0 _aEsteban Barrera, Javier Lozada / Casa GPL, Calle Pública S/N, La Serena, Mediolaza, Córdoba, Argentina, 2015. p. 112
505 0 _tSOLO UN QUIEBRE
505 0 _aCarlos Galindez, Santiago Alric, Federico Lloveras / Casa H21, Pacheco Golf Club, Pacheco, Provincia de Buenos Aires, Argentina, 2013. p. 116
505 0 _tARTE AMPLIADO
505 0 _tUN ARCHIVO DE VIVIENDA MODERNA
505 0 _tEDUCANDO ARQUITECTOS
505 0 _aGustavo Alonso Serafin / Kenneth Frampton y sus enseñanazas de arquitectura. p. 126
505 0 _aIgnacio Ros de Olano / Ljubljana en el papel. p. 129
505 0 _aMario Sabugo / Santayana y La Marmota. p. 130
505 0 _aRoberto Fernández / Marshall Mcluhan: arqueología de la ciudad mediática. p. 131
505 0 _aMarita Iravedra / Homenaje a Vera Spinadel. p. 132
650 _2Arquitectura conteporánea
773 0 _aSumma+
_dBuenos Aires, Argentina
_gNº159 (sep; 2017), p. 132
_x0327-9022
908 _aImp
942 _2udc
_cART
945 _d2022-07-08
980 _6138
_aCarolina Rainero
_8138
_gCarolina Rainero
999 _c12314
_d12314